000 00615nam a2200229Ia 4500
003 OSt
005 20221005115231.0
006 a|||||r|||| 00| 0
007 ta
008 221004b |||||||| |||| 00| 0 eng d
024 _a52481
037 _cTextual
040 _aCRL
_cCRL
_beng
041 _2eng
_aeng
082 _aQ6:62, G0
100 _aEvenntt H Outram
_9627302
245 0 _aCardinal of lorraine and the council of Trent
_b A study in the counter reformation
260 _c1930
650 _aRELIGION
942 _hQ6:62, G0
_cTEXL
_2cc
999 _c1033884
_d1033884